000 00768nam a2200205 a 4500
005 20210219160057.0
008 080724s1982 mx r 000 0 spa d
035 _aUPN01000158054
049 _aUNE
080 1 4 _a37.014. 22 (7/8) ROD No.5.
100 1 _aRodríguz Fuenzalida, Eugenio
245 1 0 _aMetodología de alfabetización en América Latina /
_cEugenio Rodríguez Fuenzalida.
260 _aMéxico :
_bCREFAL ;
_aSantiago de Chile :
_bOREALC,
_c1982.
300 _a195 p. :
_bil.
440 0 _aRetablo de papel ;
_v5
690 _aAlfabetización de adultos - Métodos de enseñanza - América Latina
690 _aMetodología de la alfabetización - América Latina
690 _aAmérica Latina - Metodología de la alfabetización
905 _aUNESCO
999 _c130168
_d130168